Statistics for Non-Bordering Countries Closest to Russia

Click here to take the quiz!

General Stats

  • This quiz has been taken 33,605 times
  • The average score is 16 of 20

Answer Stats

kmcountry% Correct
208Sweden
93%
43Japan
91%
4United States
87%
455South Korea
87%
136Turkey
86%
220Romania
83%
357Germany
83%
165Iran
79%
360Bulgaria
78%
638Hungary
77%
110Armenia
76%
535Slovakia
76%
524Uzbekistan
75%
323Turkmenistan
74%
510Iraq
74%
212Moldova
73%
296Denmark
73%
478Czechia
73%
632Greece
65%
601Syria
64%

Score Distribution

Percentile by Number Answered

Percent of People with Each Score

Your Score History

You have not taken this quiz